=LDR 00000nam 2200000 4500 =001 INLIS000000000036611 =005 20130612142404 =008 ***********************************Ind** =035 ##$$a0010-061300000036611 =041 ##$$a Ind =082 ##$$a 028.5 =090 ##$$a 028.5, Kis s =100 ##$$a Ki-seong, Do =245 ##$$a Sains aneh, oleh Do Ki-Seong ; alih bahasa, Patricia =260 ##$$a 2011 $b Jakarta =300 ##$$a 193 hlm, ilus, 22 cm =650 ##$$a Bacaan kanak-kanak =850 ##$$a NBPNMAT =990 ##$$a 91830/BPAP-NTB/2014 =990 ##$$a 91838/BPAP-NTB/2014 =990 ##$$a 21197099/BPAP-NTB/2014